ბათუმის შოთა რუსთაველის სახელმწიფო უნივერსიტეტის ბიბლიოთეკა

გამწყრალი მუზა (ბიბ.ჩანაწერი № 43152)

000 -LEADER
fixed length control field 00836nam a2200253Ia 4500
001 - CONTROL NUMBER
control field 9873
003 - CONTROL NUMBER IDENTIFIER
control field GE_BSU
008 - FIXED-LENGTH DATA ELEMENTS--GENERAL INFORMATION
fixed length control field 181216s||||||||xx |||||||||||||| ||und||
020 ## - INTERNATIONAL STANDARD BOOK NUMBER
International Standard Book Number 9992879564
040 ## - CATALOGING SOURCE
Transcribing agency GE_BSU
080 ## - UNIVERSAL DECIMAL CLASSIFICATION NUMBER
Universal Decimal Classification number 821.353.1–1
100 ## - MAIN ENTRY--PERSONAL NAME
Personal name ნიკოლეიშვილი,ავთანდილ
245 ## - TITLE STATEMENT
Title გამწყრალი მუზა
245 ## - TITLE STATEMENT
Remainder of title ლირიკა
245 ## - TITLE STATEMENT
Statement of responsibility, etc. რედ. თეიმურაზ ლანჩავა.მხატვ. ჯავა ჭეიშვილი
260 ## - PUBLICATION, DISTRIBUTION, ETC.
Place of publication, distribution, etc. ქუთაისი
260 ## - PUBLICATION, DISTRIBUTION, ETC.
Name of publisher, distributor, etc. ქუთაისის სახ. უნ-ტის გამ-ბა
260 ## - PUBLICATION, DISTRIBUTION, ETC.
Date of publication, distribution, etc. 2002
300 ## - PHYSICAL DESCRIPTION
Extent 112გვ.20სმ
653 ## - INDEX TERM--UNCONTROLLED
Uncontrolled term გამწყრალი მუზა
653 ## - INDEX TERM--UNCONTROLLED
Uncontrolled term ლირიკა
942 ## - ADDED ENTRY ELEMENTS (KOHA)
Koha item type წიგნი
ეგზემპლარები
Withdrawn status Lost status Damaged status Not for loan Date acquired Barcode Date last seen Price effective from Koha item type
        2018-12-17 33247 2018-12-17 2018-12-17 წიგნი
        2018-12-17 33248 2018-12-17 2018-12-17 წიგნი
        2018-12-17 33249 2018-12-17 2018-12-17 წიგნი
        2018-12-17 33250 2018-12-17 2018-12-17 წიგნი
        2018-12-17 33251 2018-12-17 2018-12-17 წიგნი
        2018-12-17 33252 2018-12-17 2018-12-17 წიგნი
        2018-12-17 32863 2018-12-17 2018-12-17 წიგნი
        2018-12-17 32864 2018-12-17 2018-12-17 წიგნი
        2018-12-17 32869 2018-12-17 2018-12-17 წიგნი